Construcción del poder desde abajo: conceptos clave /
Gespeichert in:
| 1. Verfasser: | |
|---|---|
| Format: | Text |
| Schlagworte: | |
| Tags: |
Tag hinzufügen
Keine Tags, Fügen Sie den ersten Tag hinzu!
|
MARC
| LEADER | 00000 a a2200000 04500 | ||
|---|---|---|---|
| 001 | 4410 | ||
| 003 | |||
| 040 | |||
| 100 | |a Rauber, Isabel | ||
| 245 | |a Construcción del poder desde abajo: conceptos clave / |c Isabel Rauber | ||
| 650 | |a PARTICIPACION SOCIAL | ||
| 650 | |a PARTICIPACION POPULAR | ||
| 650 | |a SISTEMA SOCIAL | ||
| 650 | |a POBREZA | ||
| 650 | |a MARGINALIDAD | ||
| 650 | |a PARTICIPACION POLITICA | ||
| 650 | |a CONCIENTIZACION | ||
| 650 | |a CRISIS SOCIAL | ||
| 650 | |a MARGINALIDAD | ||
| 650 | |a CONFLICTOS SOCIALES | ||
| 650 | |a SOCIEDAD | ||
| 650 | |a SOCIEDAD CIVIL | ||
| 773 | |g volumen 13 -14, número 26 -; páginas 101-129 | ||
| 999 | |c 34885 |d 34885 | ||
